| 000 | 00829cam a2200205 4500 | ||
|---|---|---|---|
| 001 | WS119181 | ||
| 008 | 020805n 000 0 eng u | ||
| 035 | _a(Sirsi) u119181 | ||
| 110 |
_aFireoptic Industry Association _94307 |
||
| 245 | _aFireoptic Industry Association | ||
| 520 | _aWeb site for this organisation which aims 'to promote high standards of service within the fibreoptic industry'. Includes links to their newsletters, details of the approved installer, arbitration and audit schemes and details of standards. | ||
| 650 | _aORGANISATION | ||
| 650 | _aFIBRE OPTICS | ||
| 650 | _aCABLING | ||
| 650 | _aSTANDARDS | ||
| 650 | _aTELECOMMUNICATIONS | ||
| 690 | _aTRANSPORT AND COMMUNICATIONS | ||
| 856 | 4 | 0 |
_uhttps://www.fibreoptic.org.uk _zView the website free of charge at www.fibreoptic.org.uk... |
| 942 | _n0 | ||
| 999 |
_c120132 _d120132 |
||